00882nam a22002177i 450000100100000000500170001000800410002701000130006802000150008104000230009605000210011910000350014024501190017525000110029426000940030530000590039944000500045891000280050895201110053699900170064700001154820200929162503.0790227|1974 ||| 000 0 spa  a79102756 a8450006562 aDO-SdBNPcDLCdDLC00aMLCM 83/8720 (S)2 aAlfaro Moreno, Agustin.92732010aPlaguicidas agricolas y su aplicacion /cpor Agustin Alfaro Moreno ; con la colaboracion de Agustin Alfaro Garcia. a4. ed. aMadrid : Instituto Nacional de Investigaciones Agrarias, Ministerio de Agricultura, 1974. axv, 594 p., [2] fold. leaves of plates : ill. ; 25 cm. 0aColeccion monografias I.N.I.A. ; no. 6927321 aCatalogación derivada 001052708MOaGRbGRcCTd2009-10-20iLF1l0o p11548-10r2020-06-25w2020-06-25y2ZPréstamo interno c11243d11243